| 000 | 00956nam a2200217Ii 4500 | ||
|---|---|---|---|
| 003 | JO-AjNU | ||
| 008 | 230605s9999||||xx |||||||||||||| ||und|| | ||
| 020 | _a978-1-565644663 | ||
| 040 |
_aJO-AjNU _bara _erda _cJO-AjNU |
||
| 041 | _aara | ||
| 050 | 1 | 4 | _aHM585 2011 |
| 100 | 3 |
_aتأليف والرستاين، ايمانويل؛ ترجمة محمود الذوادي, _eauthor _952435 |
|
| 245 | 0 | 0 | _aعلم الاجتماع الغربي: مساءلة ومحاكمة : كبير علماء الاجتماع يراجع فكر الرواد |
| 250 | _aط1 | ||
| 264 | 3 | 1 | _aفرجينيا: المعهد العالمي الاسلامي، 2011 |
| 300 |
_a81ص _bيحتوي على ببلوغرافية من 79-81ص |
||
| 336 |
_atext _btxt _2rdacontent |
||
| 337 |
_aunmediated _bn _2rdamedia |
||
| 338 |
_avolume _bnc _2rdacarrier |
||
| 650 | 4 |
_aعلم الاجتماع - نقد علم الاجتماع الغربي - فلسفة علم الاجتماع _952436 |
|
| 999 |
_aA23227 _c26795 _d26795 |
||